| 000 | 00730nam a22002057a 4500 | ||
|---|---|---|---|
| 003 | OSt | ||
| 005 | 20260129065413.0 | ||
| 008 | 260129b |||||||| |||| 00| 0 eng d | ||
| 020 | _a981-265-644-8. | ||
| 040 |
_aDWCL-Main lib _cOC |
||
| 082 |
_23rd edition _aCirc. 420.7 T254 2006 |
||
| 100 | _aCelce-Murcia, Marianne | ||
| 245 |
_aTeaching English as a second or foreign language _cMarianne, Celce-Murcia |
||
| 260 |
_aSingapore : _bThomson Learning Asia, _cc2006. |
||
| 300 |
_aviii, 584 pages : _billustration ; _c24 cm. |
||
| 504 | _aIncludes bibliographical references and index. | ||
| 650 | _a1. English as a Second language. | ||
| 650 | _a2. English language-Study and teaching. | ||
| 942 |
_2ddc _cBK-CIRC _e3rd ed. _kCirc. _n0 |
||
| 999 |
_c7990 _d7990 |
||